000 00666nam a2200205Ia 4500
999 _c39809
_d39809
001 6414
003 GE_BSU
005 20190618175501.0
008 181216s1985||||ge |||||||||||||| ||geo||
040 _cGE_BSU
041 _ageo
080 _a7.01(075.8) კ-88
100 _aკუკავა, თამარ
_92565
245 _aესთეტიკა :
_bსახელმძღვ. /
_cთამარ კუკავა
264 _aთბილისი :
_bუნ-ტის გამ-ბა,
_c1985.
300 _a400 გვ. ;
_c22 სმ.
504 _aბიბლიოგრ.: გვ.394.
653 _aესთეტიკა.
942 _cBK
_2udc